000 00755nam a2200241Ia 4500
003 OSt
005 20220923220853.0
006 a|||||r|||| 00| 0
007 ta
008 220922b |||||||| |||| 00| 0 hin d
024 _a191,697
037 _cTextual
040 _aARTS
_cARTS
_bhin
041 _2hin
_ahin
082 _aV2'C, 152L0
100 _aजैन, प्रेम सागर
245 0 _aभरत और भारत
246 _aBharat aur bhārata
260 _aबड़ौत
_b दिगम्बर जैन कालिज प्रबन्ध समिति
_c1970
300 _a47पृ.
_ccm.
942 _hV2'C, 152L0
_cTEXL
_2CC
999 _c344353
_d344353